| 000 | 01271cam a2200265 4500 | ||
|---|---|---|---|
| 001 | WB3727-08 | ||
| 008 | 010711n2001 000 0 eng u | ||
| 035 | _a(Sirsi) u113610 | ||
| 245 | _aUK Economic Brief, July 2001 | ||
| 260 | _c2001 | ||
| 490 |
_aRICS UK Economic Brief _vJuly 2001, 4(1) |
||
| 520 | _aReports on the performance of the commercial property sector, particularly noting the drop in occupier demand for commercial property across all sectors, and the corresponding increase in availability of floorspace. Looks at IPD and IRE office rent figures, CIPS data, reporting an upturn in business demand for office property, sluggish rental growth, a decline in demand for retail floorspace and a corresponding steep increase in bank lending to the estate sector. Diagram. | ||
| 590 | _aWB | ||
| 650 | _aRICS COMMERCIAL PROPERTY SURVEY | ||
| 650 | _aINSIGNIA RICHARD ELLIS | ||
| 650 | _aCIPS | ||
| 650 | _aRETAIL RENTS | ||
| 650 | _aFLOORSPACE | ||
| 650 | _aWAREHOUSES | ||
| 650 | _aBANK LENDING | ||
| 650 | _aECONOMIC GROWTH | ||
| 690 | _aPROPERTY-COMMERCIAL PROPERTY-COMMERCIAL PROPERTY MARKET | ||
| 856 | 4 | 8 |
_uhttps://www.rics.org/site/scripts/download_info.aspx?downloadID=952 _zView the item free of charge at www.rics.org... |
| 942 | _n0 | ||
| 999 |
_c67696 _d67696 |
||